000 00274nam a2200109Ia 4500
008 220204s9999 xx 000 0 und d
082 _a954.04
_bSUK
100 _aSukharanjan Dasgupta
245 0 _aMidnight massacre in Dacca
260 _aNew Delhi
_bVikas
_c1978
942 _cBK
999 _c28897
_d28897